[Event "West Bromwich Midland op-A"]
[Site "West Bromwich"]
[Date "2017.08.12"]
[Round "3"]
[White "Sanghera, Parminder"]
[Black "Murphy, Conor"]
[Result "0-1"]
[WhiteElo "2020"]
[BlackElo "2164"]
[PlyCount "110"]
[EventDate "2017.08.11"]
[EventType "swiss"]
[EventRounds "5"]
[EventCountry "ENG"]
[SourceTitle "CBM 180 Extra"]
[Source "ChessBase"]
[SourceDate "2017.10.06"]
[SourceVersion "1"]
[SourceVersionDate "2017.10.06"]
[SourceQuality "1"]

1. Nf3 d5 2. c4 e6 3. d4 c6 4. Qc2 dxc4 5. Qxc4 b5 6. Qc2 Bb7 7. Bf4 Nf6 8. e3 Nbd7 9. Nbd2 a6 10. a3 Rc8 11. b4 a5 12. Rb1 axb4 13. axb4 Nd5 14. Ne4 Nxb4 15. Qd2 Nd5 16. Nd6+ Bxd6 17. Bxd6 N7f6 18. Be5 Ne4 19. Qc2 Qa5+ 20. Nd2 f6 21. Bg3 Nxd2 22. Qxd2 Qxd2+ 23. Kxd2 Ra8 24. Bd3 Ra2+ 25. Bc2 Kd7 26. Rhc1 Rha8 27. e4 Nb6 28. Ke1 Na4 29. Bd3 Rc8 30. d5 Rb2 31. dxc6+ Bxc6 32. Ra1 e5 33. Be2 Bxe4 34. Bg4+ f5 35. Rxc8 Kxc8 36. Bh3 Nc5 37. f3 Rb1+ 38. Rxb1 Bxb1 39. Kd2 Nd7 40. Kc1 Bd3 41. Kd2 Bb1 42. Kc1 f4 43. Be1 Bd3 44. Bc3 Kc7 45. Bxd7 Kxd7 46. Bxe5 g5 47. Bf6 h6 48. Bc3 Ke6 49. Kd1 Bf1 50. g3 fxg3 51. hxg3 h5 52. Be1 Kd5 53. Bd2 h4 54. gxh4 gxh4 55. Ke1 Bd3 0-1

[Event "Gibraltar Challengers-B 14th"]
[Site "Caleta"]
[Date "2016.02.01"]
[Round "3"]
[White "Hamer, Martyn"]
[Black "Sanghera, Parminder"]
[Result "1-0"]
[WhiteElo "2058"]
[BlackElo "2112"]
[PlyCount "103"]
[EventDate "2016.01.30"]
[EventType "swiss"]
[EventRounds "5"]
[EventCountry "GGB"]
[SourceTitle "CBM 170 Extra"]
[Source "ChessBase"]
[SourceDate "2016.02.25"]
[SourceVersion "1"]
[SourceVersionDate "2016.02.25"]
[SourceQuality "1"]

1. e4 d5 2. Nc3 dxe4 3. Nxe4 Nf6 4. Nxf6+ exf6 5. Nf3 g6 6. Bc4 Be7 7. 0-0 0-0 8. d4 Bg4 9. Be3 f5 10. Be2 Bf6 11. c3 Nc6 12. Qd2 Re8 13. Rfe1 Ne7 14. Rad1 c6 15. Bf4 Qa5 16. a3 Nd5 17. Bh6 Bh8 18. Ne5 Bxe2 19. Rxe2 Re6 20. Rde1 Rae8 21. Nd3 Qc7 22. Nc5 R6e7 23. Rxe7 Rxe7 24. Rxe7 Qxe7 25. Bg5 Bf6 26. Bxf6 Nxf6 27. f3 Nd5 28. Nd3 h5 29. Qe1 Qg5 30. h4 Qd8 31. g3 f4 32. Nxf4 Nxf4 33. gxf4 Qf6 34. Qg3 Qf5 35. Kg2 a5 36. Kh2 b5 37. Kg2 Kh7 38. Kh2 b4 39. axb4 axb4 40. cxb4 Qf6 41. Qg5 Qxd4 42. Kg3 Qxb4 43. Qf6 Qe1+ 44. Kg2 Qd2+ 45. Kg3 Qd5 46. Qe5 Qd8 47. f5 g5 48. f6 Qd5 49. Qxg5 Qxg5+ 50. hxg5 c5 51. Kh4 Kg6 52. b3 1-0

[Event "Edinburgh op"]
[Site "Edinburgh"]
[Date "2011.04.02"]
[Round "3"]
[White "Sanghera, Parminder"]
[Black "Neave, George"]
[Result "0-1"]
[WhiteElo "1920"]
[BlackElo "2142"]
[PlyCount "56"]
[EventDate "2011.04.01"]
[EventType "swiss"]
[EventRounds "5"]
[EventCountry "SCO"]
[SourceTitle "EXT 2013"]
[Source "ChessBase"]
[SourceDate "2012.11.22"]
[SourceVersion "1"]
[SourceVersionDate "2012.11.22"]
[SourceQuality "1"]

1. Nf3 Nf6 2. c4 g6 3. Nc3 Bg7 4. d4 0-0 5. Bf4 d6 6. e3 c5 7. Be2 Bf5 8. 0-0 Ne4 9. Nxe4 Bxe4 10. Nd2 Bf5 11. e4 Bc8 12. dxc5 dxc5 13. Rb1 Nc6 14. a3 a5 15. Be3 b6 16. Qc1 Nd4 17. Bd1 Bb7 18. b4 axb4 19. axb4 Qc7 20. bxc5 bxc5 21. f3 Ra2 22. Nb3 Rc2 23. Qa3 Rxc4 24. Nxc5 Ra8 25. Na4 Bc6 26. Rb4 Bxa4 27. Bxa4 Nc2 28. Rxc4 Qxc4 0-1

[Event "Dundee & Angus op"]
[Site "Dundee"]
[Date "2010.10.17"]
[Round "4"]
[White "Sanghera, Parminder"]
[Black "Green, Andrew"]
[Result "1-0"]
[WhiteElo "1920"]
[BlackElo "2148"]
[PlyCount "69"]
[EventDate "2010.10.15"]
[EventType "swiss"]
[EventRounds "5"]
[EventCountry "SCO"]
[SourceTitle "EXT 2017"]
[Source "ChessBase"]
[SourceDate "2016.10.25"]
[SourceVersion "1"]
[SourceVersionDate "2016.10.25"]
[SourceQuality "1"]

1. Nf3 g6 2. d4 Nf6 3. c4 Bg7 4. Nc3 d6 5. Bf4 0-0 6. e3 c5 7. Be2 cxd4 8. exd4 d5 9. c5 Bg4 10. 0-0 Bxf3 11. Bxf3 Nc6 12. Qa4 e6 13. Rad1 Nd7 14. Be3 f5 15. Rfe1 Kh8 16. Bf4 Qf6 17. Nb5 g5 18. Bd6 g4 19. Bxf8 gxf3 20. Bxg7+ Qxg7 21. g3 Qg4 22. Rd3 Nf6 23. Qd1 Ne4 24. Rxf3 Rg8 25. Rd3 Qh3 26. Nd6 Nxf2 27. Nf7+ Kg7 28. Ng5 Qh6 29. Kxf2 Qxg5 30. Rxe6 f4 31. Rf3 Qg4 32. Rd6 Qh3 33. Qg1 Nxd4 34. gxf4+ Kh8 35. Qxg8+ 1-0